[Event "82nd Tata Steel Challengers 2020"]
[Site "Wijk aan Zee"]
[Date "2020.01.24"]
[Round "11.4"]
[White "Eljanov, Pavel"]
[Black "Smeets, Jan"]
[Result "1/2-1/2"]
[WhiteElo "2650"]
[BlackElo "2585"]
[Annotator "TA"]
[PlyCount "158"]
[EventDate "2020.01.11"]
[EventType "tourn"]
[EventCountry "NED"]
[SourceTitle "playchess.com"]
[Source "ChessBase"]
[SourceQuality "1"]

{[%evp 13,158,0,20,14,12,9,23,20,20,0,25,14,26,0,0,-30,-34,-37,39,38,39,41,30,41,39,31,35,35,39,31,29,31,34,39,41,22,22,17,47,39,48,41,39,45,45,16,39,39,81,83,86,40,82,76,104,110,137,131,218,215,217,216,216,222,238,235,229,202,204,210,210,210,204,197,286,175,198,189,211,205,214,221,220,214,328,327,348,330,217,186,177,179,175,152,272,272,283,279,1042,1036,1020,1021,992,971,847,283,759,751,739,706,675,273,519,610,565,0,497,0,457,428,291,257,257,193,186,95,95,95,96,96,96,76,76,76,76,8,8,8,8,8,8,8,8,0,8,8,8]} 1. Nf3 d5 2. g3 g6 3. Bg2 Bg7 4. d4 Nf6 5. O-O O-O 6. c4 c6 7. Qb3 a5 8. Rd1 {D78: Fianchetto Grünfeld: 6 0-0 c6} a4 9. Qb4 Qa5 $146 ({Predecessor:} 9... dxc4 10. Qxc4 Be6 11. Qb4 Qa5 12. Qxa5 Rxa5 13. Nc3 b5 14. Ng5 Bc4 15. Bd2 b4 16. Nxa4 Rxa4 {1-0 (73) Inarkiev,E (2663)-Motylev,A (2640) Moscow 2019}) 10. Qxa5 {White has an edge.} Rxa5 11. Na3 Be6 12. Bd2 Ra6 13. Bb4 dxc4 14. Bxe7 Re8 15. Bb4 Rb6 (15... b5 $15) 16. Bc3 $1 $14 Ne4 17. Nd2 Nxc3 18. bxc3 Rb2 {Black wants to play ...b5.} 19. Ndxc4 Rxe2 20. Bf3 Bxc4 $1 21. Nxc4 R2e7 22. Rab1 {aiming for Nd6.} b5 $1 {[%cal Rb5c4]} 23. Ne3 Rc7 24. c4 bxc4 25. Nxc4 Nd7 26. Rbc1 Bf8 27. Kg2 Rec8 28. Rc2 $36 {[%mdl 2048] White has good play.} Kg7 29. Re1 h5 30. Rec1 Be7 31. Ne3 {Nd5! is the strong threat.} Ba3 32. Rb1 Nf8 33. Rc4 Be7 34. Rxa4 Rd7 35. Rc4 Rcd8 (35... Bf6 $16) 36. Nc2 $1 $18 ({Don't take} 36. Rxc6 $6 Rxd4 37. Bxh5 Bg5 $16) 36... Ne6 {[%cal Re6d4]} 37. Bxc6 Ra7 38. a4 Bf6 39. d5 Nc7 40. Ne3 Ne8 41. Rcb4 Nd6 42. Nc4 Nxc4 43. Rxc4 Be7 (43... Be5 $142 44. f4 Bd6) 44. Rc3 Rc8 45. Rcb3 Rcc7 46. f4 Bd6 47. Kf3 Re7 48. Rb7 Rexb7 (48... Kf8 {was worth a try.} 49. R7b6 Bc5) 49. Rxb7 ({Not} 49. Bxb7 Rxa4 50. Rb6 Ra3+ 51. Ke2 Bc5 $14) 49... Rxb7 50. Bxb7 {[%mdl 4096] Endgame KB-KB} Bc7 51. Ba6 Kf6 52. Bd3 Ke7 53. Ke4 f5+ (53... Kd6 $16 {was necessary.} 54. f5 Bd8 55. fxg6 fxg6) 54. Kf3 Kd6 55. Bb5 Ke7 $2 (55... h4 56. gxh4 Ke7) 56. h4 Kd8 57. Ke2 Ke7 58. Bc6 Kd8 59. Kd2 $2 (59. Kf2 Ke7 60. Bb5) 59... Ke7 $2 (59... Ba5+ 60. Ke3 Bb6+ 61. Kf3 Bc7) 60. Ke3 Bb6+ {[#]} 61. Ke2 $1 Bc7 62. Bb7 (62. Bb5 $142 Kd8 63. Bc6) 62... Kd8 $2 (62... Ba5 63. Bc6 Bb4) 63. Ba6 Kd7 64. Bb5+ Ke7 $1 65. Bc6 Kd8 $1 {If only Black now had time for ...Ke7....} 66. Kd3 Ke7 67. Bb7 Kd7 68. Kd4 Kd6 {[#]} 69. Bc6 (69. Ke3 $1 $18) 69... Bb6+ $16 70. Kc4 Bf2 71. a5 {[%cal Ba4a5,Ba5a6][%mdl 32]} Kc7 72. Kb5 Bxg3 73. a6 {a7 would kill now.} Kb8 74. d6 (74. Be8 $16) 74... Bxf4 $11 {The position is equal.} 75. Kc5 Bg3 76. Be8 Ka7 77. d7 Bxh4 78. Kb5 Bd8 79. Bxg6 h4 {Accuracy: White = 58%, Black = 54%.} 1/2-1/2

[Event "82nd Tata Steel Challengers 2020"]
[Site "Wijk aan Zee"]
[Date "2020.01.24"]
[Round "11.5"]
[White "Smirnov, Anton"]
[Black "Anton Guijarro, David"]
[Result "0-1"]
[WhiteElo "2604"]
[BlackElo "2694"]
[Annotator "TA"]
[PlyCount "58"]
[EventDate "2020.01.11"]
[EventType "tourn"]
[EventCountry "NED"]
[SourceTitle "playchess.com"]
[Source "ChessBase"]
[SourceQuality "1"]

{[%evp 9,122,30,14,0,-4,0,0,-13,4,0,0,0,0,0,0,-25,0,-16,-4,-16,-15,-24,-36,-28,-15,-19,-20,-49,-29,-40,-30,-16,-31,-10,-12,-46,-23,-26,-6,-43,-44,-49,-33,-34,-10,-65,-10,-14,0,-10,0,0,0,0,0,0,0,0,0,0,0,0,0,0,0,0,0,0,0,0,0,0,0,0,0,0,0,0,0,0,0,0,0,0,0,-8,-14,-46,-91,-114,-97,-112,-121,-132,-132,-167,-154,-384,-377,-29951,-29953,-29952,-29952,-29958,-29956,-29961,-29963,-29959,-29961,-29962,-29962,-29965,-29965,-29968,-29969]} 1. d4 Nf6 2. c4 e6 3. Nf3 d5 4. Nc3 dxc4 5. e4 Bb4 6. Bxc4 {D24: Queen's Gambit Accepted: 3 Nf3 Nf6 4 Nc3.} Nxe4 7. O-O Nxc3 8. bxc3 {The position is equal.} Bd6 9. Qe2 Nd7 10. Re1 O-O 11. Bd3 Re8 12. Bg5 {[#]} Be7 $146 (12... f6 {is interesting.} 13. Bh4 Nf8 14. Nd2 b6 15. Ne4 Bd7) ({Predecessor:} 12... f6 13. Bh4 Nf8 14. Rab1 c6 15. Nd2 b6 16. Ne4 Be7 17. Bg3 Bb7 18. a4 a6 {0-1 (69) Cuenca Jimenez,J (2490)-Salgado Lopez,I (2627) Las Palmas 2017}) 13. h4 (13. Bf4 {looks sharper.} c5 14. Bc2 cxd4 15. Rad1 Nf6 16. Rxd4 Qa5 17. Be5) 13... Nf8 14. Bxe7 Qxe7 15. Rab1 Rb8 16. Be4 c5 17. Ne5 Nd7 18. h5 cxd4 19. cxd4 Nxe5 20. dxe5 b6 21. h6 {Threatening hxg7.} g6 22. Qd2 Rd8 23. Qf4 Bb7 24. Rbc1 Rd4 25. f3 Bxe4 26. fxe4 Rbd8 27. Rf1 (27. Rc6 $11) 27... Kf8 (27... Qf8 $15) 28. Kh2 $11 Ke8 29. Rc6 Rd1 {Played: Rd4-d2} 0-1

[Event "82nd Tata Steel Challengers 2020"]
[Site "Wijk aan Zee"]
[Date "2020.01.24"]
[Round "11.6"]
[White "Grandelius, Nils"]
[Black "Ganguly, Surya Shekhar"]
[Result "1/2-1/2"]
[WhiteElo "2673"]
[BlackElo "2636"]
[Annotator "TA"]
[PlyCount "73"]
[EventDate "2020.01.11"]
[EventType "tourn"]
[EventCountry "NED"]
[SourceTitle "playchess.com"]
[Source "ChessBase"]
[SourceQuality "1"]

{[%evp 12,73,6,1,0,1,18,8,7,3,19,26,34,35,16,31,32,25,54,62,71,34,96,92,81,82,106,87,135,73,65,54,59,62,56,69,88,46,26,0,0,0,0,0,0,0,0,0,0,0,0,0,0,0,0,0,0,0,0,0,0,0,0,0]} 1. Nf3 d5 2. g3 Nf6 3. Bg2 e6 4. O-O Be7 5. c4 O-O 6. b3 d4 7. e3 c5 {A14: English Opening: 1...e6 with b3 by White} 8. Ne5 Nfd7 9. exd4 cxd4 10. Nxd7 Qxd7 11. Ba3 $146 ({Predecessor:} 11. d3 Nc6 12. Ba3 Bxa3 13. Nxa3 b6 14. f4 Bb7 15. Nc2 {½-½ (66) Anton Guijarro,D (2686)-Cuenca Jimenez,J (2523) Marbella 2019}) 11... Na6 12. Bxe7 Qxe7 13. d3 Nc5 14. Nd2 e5 15. Ne4 Ne6 16. Qe2 f6 ({Black should play} 16... Bd7 $14) 17. f4 $16 exf4 18. gxf4 Bd7 19. Rae1 Rae8 20. Qf2 (20. c5 $142) 20... Bc6 21. f5 Nc5 22. Qxd4 Nxe4 23. Bxe4 Qa3 24. Bd5+ Kh8 25. Rxe8 Rxe8 {The position is equal.} 26. Bxc6 bxc6 $11 {[%mdl 4096] Endgame KQR-KQR} 27. Qd7 Rg8 28. Qxc6 {Hoping for Qg2.} Qxa2 29. Qa4 Qe2 {[#] ( -> ...g6)} 30. Qxa7 Qxd3 (30... g6 $5 31. Qf2 $8 Qxd3 $11) 31. Qb7 g6 32. Qf3 gxf5+ 33. Kh1 Qc2 34. Rf2 Qc1+ 35. Rf1 Qc2 36. Rf2 Qc1+ 37. Rf1 {Accuracy: White = 68%, Black = 55%.} 1/2-1/2

[Event "82nd Tata Steel Challengers 2020"]
[Site "Wijk aan Zee"]
[Date "2020.01.24"]
[Round "11.7"]
[White "Warmerdam, Max"]
[Black "Saduakassova, Dinara"]
[Result "1/2-1/2"]
[WhiteElo "2498"]
[BlackElo "2519"]
[Annotator "TA"]
[PlyCount "54"]
[EventDate "2020.01.11"]
[EventType "tourn"]
[EventCountry "NED"]
[SourceTitle "playchess.com"]
[Source "ChessBase"]
[SourceQuality "1"]

{[%evp 16,54,0,0,9,10,20,17,16,7,19,0,0,0,0,0,0,0,0,0,0,0,0,-14,-21,-15,-14,-78,-32,-42,-19,-29,0,0,7,5,7,7,7,8,21]} 1. e4 e5 2. Nf3 Nc6 3. Bb5 a6 4. Ba4 Nf6 5. d3 d6 6. c4 g6 7. Nc3 Bg7 8. h3 O-O 9. O-O h6 {C77: Ruy Lopez: 3...a6 4 Ba4 Nf6, unusual lines} (9... Nd7 10. Bg5 f6 11. Be3 f5 12. exf5 gxf5 13. Bg5 Nf6 14. Re1 Ne7 15. c5 Kh8 16. cxd6 cxd6 17. Qd2 {1-0 (42) Alekseenko,K (2594)-Smeets,J (2608) chess.com INT 2018}) 10. Be3 Nd7 11. d4 exd4 12. Nxd4 Nce5 $146 ({Predecessor:} 12... Nde5 13. Rc1 Nxc4 14. Nxc6 Nxe3 15. fxe3 bxc6 16. Bxc6 Rb8 17. b3 {1-0 (63) Olsarova,T (2269)-Motycakova,M (2115) Liptov 2010}) 13. Qe2 c5 14. Nc2 Nb6 15. Bb3 Be6 $36 {[%cal Re5c4][%mdl 2048] Black has good play.} 16. Na3 f5 17. exf5 Bxf5 18. Rad1 {And now Bxc5! would win.} Qe7 19. Bf4 Bg4 20. hxg4 Rxf4 21. f3 (21. Nc2 $11 {keeps the balance.}) 21... Re8 22. Nc2 Qf8 {[#] White must now prevent ...Nxf3+!} 23. Qd2 Nexc4 24. Qxd6 $1 {The position is equal.} Kh7 25. Qxf8 Rexf8 26. Nd5 Nxd5 27. Rxd5 {White wants to play g3.} b5 {Accuracy: White = 67%, Black = 57%.} ({Much weaker is} 27... Bxb2 $6 28. g3 $16) 1/2-1/2

[Event "82nd Tata Steel Challengers 2020"]
[Site "Wijk aan Zee"]
[Date "2020.01.25"]
[Round "12.1"]
[White "Mamedov, Rauf"]
[Black "Abdusattorov, Nodirbek"]
[Result "1/2-1/2"]
[WhiteElo "2659"]
[BlackElo "2635"]
[Annotator "TA"]
[PlyCount "98"]
[EventDate "2020.01.11"]
[EventType "tourn"]
[EventCountry "NED"]
[SourceTitle "playchess.com"]
[Source "ChessBase"]
[SourceQuality "1"]

{[%evp 16,98,5,0,0,0,0,0,0,0,0,0,0,0,0,0,0,0,8,7,0,5,5,-5,0,0,0,0,0,0,0,0,0,0,0,0,0,0,0,0,0,0,0,0,0,0,0,0,0,0,0,0,0,0,0,0,0,0,0,0,8,12,10,0,17,0,0,0,35,0,0,0,6,0,0,0,0,0,0,0,0,0,0,0,0]} 1. e4 c5 2. c3 Nf6 3. e5 Nd5 4. Nf3 d6 ({Predecessor:} 4... Nc6 5. d4 cxd4 6. cxd4 {½-½ (60) Godena,M (2488)-Kuljasevic,D (2549) Balatonszarszo 2017}) 5. d4 cxd4 6. cxd4 Nc6 7. Bc4 dxe5 8. dxe5 Ndb4 9. Qb3 e6 {B22: Sicilian: 2 c3} 10. O-O Na5 11. Bb5+ $146 (11. Qa4+ Bd7 {0-1 (49) Potapov,P (2516)-Demchenko,A (2679) St Petersburg 2018}) 11... Bd7 12. Qa4 $1 Bxb5 13. Qxb5+ Nac6 14. Nc3 a6 15. Qc4 Qd3 16. Qg4 Qg6 17. Qxg6 $1 hxg6 18. Rd1 $1 Be7 19. Bf4 Rd8 20. Rxd8+ Bxd8 21. Rd1 Ne7 22. Bg5 Bc7 23. g3 Nbd5 (23... Ned5 {is interesting.} 24. h4 O-O 25. Nxd5 Nxd5 26. Rc1 f6) 24. Kg2 Nxc3 25. bxc3 b5 26. c4 bxc4 27. Rc1 Nd5 {With the idea ...c3.} 28. Rxc4 Kd7 29. Ra4 a5 30. Bd2 Rb8 31. h4 Rb5 32. Nd4 Rb2 33. Bxa5 Bxe5 34. Nb3 Bd6 35. Bd2 Bc7 36. Ba5 Bxa5 37. Nxa5 $11 {[%mdl 4096] Endgame KRN-KRN} Ke7 38. Nc4 Rb7 $1 39. Ne5 Kf6 (39... Kd6 $5 {[%cal Rd6e5]} 40. f4 Ne3+ 41. Kf2 Nf5 $11) 40. Ng4+ Ke7 41. Ne5 Kf6 42. Nf3 Ke7 {The position is equal.} 43. Ng5 Nc3 44. Ra6 e5 45. Kf3 Rd7 46. Ra3 Nb1 47. Ra8 Nc3 48. Ra3 Nb1 49. Ra6 Nc3 {Accuracy: White = 79%, Black = 82%.} 1/2-1/2

[Event "82nd Tata Steel Challengers 2020"]
[Site "Wijk aan Zee"]
[Date "2020.01.25"]
[Round "12.2"]
[White "Keymer, Vincent"]
[Black "Nihal Sarin"]
[Result "1/2-1/2"]
[WhiteElo "2527"]
[BlackElo "2618"]
[Annotator "TA"]
[PlyCount "96"]
[EventDate "2020.01.11"]
[EventType "tourn"]
[EventCountry "NED"]
[SourceTitle "playchess.com"]
[Source "ChessBase"]
[SourceQuality "1"]

{[%evp 14,96,38,12,32,32,26,25,27,25,21,23,33,8,46,22,28,31,57,37,50,0,0,0,0,0,0,-8,0,-24,-27,-23,-26,-25,-14,-10,0,-17,2,0,0,-9,0,0,0,0,0,-14,0,0,0,-12,0,0,35,0,18,0,0,0,0,0,0,0,0,-58,-51,-78,-61,-30,-26,-46,-68,-83,-50,-76,0,0,0,0,0,0,0,0,0]} 1. c4 c6 2. d4 d5 3. Nf3 Nf6 4. e3 g6 5. Be2 Bg7 6. O-O O-O 7. Nc3 Ne4 8. Qb3 {[%cal Rc4d5]} dxc4 {D94: Grünfeld: 4 Nf3 Bg7 5 e3} 9. Qxc4 (9. Bxc4 Nd6 10. Be2 Be6 11. Qc2 Nd7 12. e4 Bg4 13. Rd1 Rc8 14. Bg5 h6 15. Bh4 Re8 16. h3 Bxf3 17. Bxf3 {½-½ (76) Bocharov,D (2524)-Yu,Y (2738) Moscow 2019}) 9... Nd6 10. Qd3 $146 ({Predecessor:} 10. Qa4 Nd7 11. e4 c5 12. Be3 Nb6 13. Qb3 cxd4 14. Nxd4 Bd7 15. Rfd1 Rc8 16. Ndb5 {1-0 (46) Aguilar,A (2233)-Cubas,J (2550) Cochabamba 2013}) 10... Bg4 {White has an edge.} 11. e4 Nd7 12. Be3 Rc8 13. Rad1 Qa5 14. Nd2 Bxe2 15. Qxe2 Rfe8 16. Nb3 Qb4 17. Nc1 Qc4 18. Bf4 Rcd8 19. Qxc4 Nxc4 20. b3 e5 21. Bg5 f6 {[#] aiming for ...Nb2.} 22. bxc4 {And now Be3 would win.} fxg5 23. d5 $1 Bf8 24. Nb3 Bb4 25. Rd3 Nc5 26. Nxc5 Bxc5 27. g3 h5 28. Kg2 Rf8 29. h3 Kg7 30. f3 Rf6 31. Rb1 b6 32. g4 h4 33. Rbd1 Kf8 34. Kf1 Ke8 35. Ne2 Ke7 36. Nc1 cxd5 37. cxd5 Rc8 38. Rc3 Rff8 39. Nb3 (39. Ne2 $11) 39... Ba3 $1 $15 40. Rcd3 Rc2 41. R1d2 $1 {[%cal Rd2c2]} Rfc8 42. Rxc2 $1 Rxc2 $11 {[%mdl 4096] Endgame KRB-KRN} 43. Rd2 Rc3 44. Ke2 {[#]} a5 (44... Bb4 $1 $17) 45. Rd3 {The position is equal.} Rc2+ 46. Rd2 Rc3 47. Rd3 Rc2+ 48. Rd2 Rc3 {Accuracy: White = 59%, Black = 41%.} 1/2-1/2

[Event "82nd Tata Steel Challengers 2020"]
[Site "Wijk aan Zee"]
[Date "2020.01.25"]
[Round "12.3"]
[White "Smeets, Jan"]
[Black "Smirnov, Anton"]
[Result "1/2-1/2"]
[WhiteElo "2585"]
[BlackElo "2604"]
[Annotator "TA"]
[PlyCount "31"]
[EventDate "2020.01.11"]
[EventType "tourn"]
[EventCountry "NED"]
[SourceTitle "playchess.com"]
[Source "ChessBase"]
[SourceQuality "1"]

{[%evp 16,31,10,10,15,19,22,0,24,12,12,16,29,-11,0,7,2,6]} 1. e4 e6 2. d4 d5 3. Nc3 dxe4 4. Nxe4 Nd7 5. Nf3 Ngf6 6. Bg5 h6 7. Nxf6+ Nxf6 8. Bxf6 Qxf6 9. Bb5+ c6 {C10: French with 3 Nc3: Unusual Black 3rd moves and 3...dxe4} 10. Bd3 Bd7 11. Qe2 Bd6 12. O-O-O O-O-O 13. g3 $146 ({Predecessor:} 13. Kb1 Kb8 14. Be4 e5 15. dxe5 Bxe5 16. Bxc6 Bxc6 17. Nxe5 Bxg2 {0-1 (26) Naiditsch,A (2657)-Nisipeanu,L (2668) Bled 2016}) 13... Kb8 14. Be4 e5 15. dxe5 Bxe5 16. Nxe5 1/2-1/2

[Event "82nd Tata Steel Challengers 2020"]
[Site "Wijk aan Zee"]
[Date "2020.01.25"]
[Round "12.4"]
[White "Anton Guijarro, David"]
[Black "Warmerdam, Max"]
[Result "0-1"]
[WhiteElo "2694"]
[BlackElo "2498"]
[Annotator "TA"]
[PlyCount "70"]
[EventDate "2020.01.11"]
[EventType "tourn"]
[EventCountry "NED"]
[SourceTitle "playchess.com"]
[Source "ChessBase"]
[SourceQuality "1"]

{[%evp 15,70,16,21,21,26,18,12,-17,-19,-19,-10,-20,-17,-25,-17,-39,-37,-27,-23,-45,-42,-49,-43,-86,-19,-36,-16,-18,23,17,25,-9,-10,-37,-37,-59,-56,-76,-69,-60,-47,-63,-47,-52,-37,-201,-231,-216,-242,-235,-233,-194,-121,-385,-384,-377,-379]} 1. c4 e6 2. g3 d5 3. Bg2 Nf6 4. Nf3 dxc4 5. Qa4+ Nbd7 6. Qxc4 c5 7. d3 Bd6 8. a4 O-O 9. Nc3 {A13: English Opening: 1...e6} b6 10. Nb5 Ba6 11. Qh4 $146 {The position is equal.} ({Predecessor:} 11. O-O Rc8 12. Qb3 Bb8 13. Nd2 Nd5 14. Nc4 N7f6 15. Bd2 Bb7 16. e4 Ne7 {½-½ (64) Jakovenko,D (2748)-Eljanov,P (2717) Baku 2015}) 11... Be7 12. O-O Bb7 13. Rd1 a6 14. Nc3 Rc8 15. Qc4 Nd5 16. Nxd5 exd5 17. Qf4 Bf6 18. d4 Re8 19. Be3 c4 (19... Re4 $17 20. Qf5 g6) 20. Qf5 $11 Bc6 21. h4 b5 22. axb5 axb5 23. Qc2 b4 24. Ng5 Nf8 25. Ra7 Rxe3 {[%mdl 64] [#] Remove Defender} 26. fxe3 Bxg5 27. hxg5 Qxg5 {[%mdl 64] Double Attack} 28. Rf1 Bd7 $1 29. Rf3 g6 30. e4 $2 {[#]} (30. Rb7 $15) 30... dxe4 $1 $19 31. Qxe4 c3 32. bxc3 bxc3 {Strongly threatening ...c2.} 33. Qc2 Bf5 ({Black should play} 33... Qd2 $19 34. Ra2 (34. Qxd2 $2 cxd2 35. Rf1 Rc1 $19) 34... Qxd4+ 35. Kh2 Bf5) 34. Qb3 $2 {[%mdl 8192]} (34. e4 $17 Bxe4 35. Qxe4) 34... Be6 35. Qc2 Qd2 {Accuracy: White = 39%, Black = 80%.} 0-1

[Event "82nd Tata Steel Challengers 2020"]
[Site "Wijk aan Zee"]
[Date "2020.01.25"]
[Round "12.5"]
[White "Ganguly, Surya Shekhar"]
[Black "Eljanov, Pavel"]
[Result "0-1"]
[WhiteElo "2636"]
[BlackElo "2650"]
[Annotator "TA"]
[PlyCount "80"]
[EventDate "2020.01.11"]
[EventType "tourn"]
[EventCountry "NED"]
[SourceTitle "playchess.com"]
[Source "ChessBase"]
[SourceQuality "1"]

{[%evp 11,80,15,13,13,24,26,18,17,22,16,24,17,19,13,20,0,0,0,0,0,0,0,0,0,0,0,0,0,0,0,0,0,0,0,0,0,0,0,0,0,0,-16,-16,-12,-12,-114,-45,-65,-24,-69,-65,-55,0,0,0,-59,0,-92,-97,-171,-79,-237,-219,-962,-954,-931,-934,-1004,-1010,-971,-948]} 1. e4 c6 2. d4 d5 3. exd5 cxd5 4. Bd3 Nf6 5. c3 Bg4 6. Qb3 Qc7 7. h3 {B13: Caro-Kann: Exchange Variation and Panov-Botvinnik Attack} Bd7 (7... Bh5 8. g4 Bg6 9. Bxg6 hxg6 10. g5 Nfd7 11. Qxd5 Nc6 12. Nf3 e5 13. dxe5 Ndxe5 14. Bf4 Bd6 15. Bxe5 Nxe5 16. Nxe5 Bxe5 {½-½ (26) Safarli,E (2601)-Postny,E (2605) Moscow 2019}) 8. Nf3 e6 9. O-O {The position is equal.} Bd6 10. Re1 Bc6 11. Qd1 Nbd7 12. Qe2 O-O 13. Nbd2 $146 {[%cal Bb1d2,Bd2f3,Bf3g5,Bg5e6][%mdl 32]} ({Predecessor:} 13. Ne5 Bxe5 14. dxe5 Ne4 {½-½ (41) Steinkellner,P (2304)-Tyulenko,Y (2452) ICCF email 2013}) 13... Nh5 14. Bxh7+ Kxh7 15. Ng5+ {[%mdl 64] Discovered Attack} Kg6 {White must now prevent ...Nf4.} 16. Ndf3 {Nh4+ would kill now.} Nf4 17. Qc2+ Kf6 $1 {[%cal Rf6e7]} 18. g3 Ng6 19. Nxf7 Kxf7 20. Ng5+ {[%mdl 64] Double Attack} Kg8 {...Rf6 is the strong threat.} 21. Qxg6 {[%csl Gg5][%cal Rg6h7]} Nf6 {Strongly threatening ...Bxg3!} 22. Nxe6 {[%mdl 64] Double Attack} Qd7 23. Bh6 $1 {[%cal Rh6g7]} (23. Nxf8 Rxf8 24. Bf4 Qxh3 $17) 23... Ne4 24. Rxe4 $1 dxe4 25. Ng5 $1 {[%csl Gg5][%cal Rg6h7]} Rf7 $1 26. Qh7+ Kf8 27. Nxf7 Qxf7 28. d5 (28. Qh8+ $11 {remains equal.} Qg8 29. Bxg7+ Ke7 30. Qxg8 (30. Qh6 e3 $11) 30... Rxg8 31. Bh6) 28... Qxd5 (28... Bxd5 $17 29. Qh8+ Qg8 30. Bxg7+ Ke8) 29. Qxg7+ $15 Ke8 {Threatens to win with ...e3!} 30. Qg6+ Kd7 $1 {And now ...Rg8 would win.} 31. Qg7+ Ke8 (31... Kc8 $1 $15 32. c4 (32. Qh8+ Kc7 $17) 32... Qh5) 32. Qg6+ ({White should try} 32. Qh8+ $11 Kd7 33. Qh7+ (33. Qxa8 e3 34. Qd8+ {[%mdl 64] Decoy} Kxd8 35. Bg5+ Kc7 36. Bd8+ Kxd8 37. Kf1 Qf3 38. Ke1 Qxf2+ {[%mdl 64] Double Attack} 39. Kd1 Qd2#) 33... Be7 34. c4 $1 {[%mdl 512]}) 32... Kd7 {Hoping for ...Rg8.} 33. Qg7+ Be7 ({Better is} 33... Kc8 $1 $15 34. Be3 (34. Qh8+ Kc7 $17) 34... b6) 34. c4 {[#]} (34. Qg4+ $1 $11 {keeps the balance.} Kc7 35. Bf4+ Kb6 36. a4) 34... Qf5 $1 $17 35. b4 (35. Rd1+ $17 Ke6 36. Bf4) 35... Ke6 $40 {[%mdl 128] Black wants a kill.} (35... e3 $1 $19 36. Bxe3 Qf3) 36. Rd1 $2 (36. g4 $17 {is the only way for White.} Qe5 37. Qxe5+ Kxe5 38. Bg7+ Kf4 39. Bh6+ Bg5 40. Bxg5+ Kxg5 41. Rd1) 36... Bf6 $19 ({Much less strong is} 36... Bxb4 37. Bf4) 37. Rd6+ $2 ({But not} 37. Qc7 $2 Be5 $19) (37. Qg4 Qxg4 38. hxg4) 37... Kxd6 {Black is clearly winning.} 38. Qf7 Bd7 39. Bf4+ Kc6 40. b5+ Kc5 {Accuracy: White = 50%, Black = 74%.} 0-1

[Event "82nd Tata Steel Challengers 2020"]
[Site "Wijk aan Zee"]
[Date "2020.01.25"]
[Round "12.6"]
[White "Saduakassova, Dinara"]
[Black "Van Foreest, Lucas"]
[Result "0-1"]
[WhiteElo "2519"]
[BlackElo "2523"]
[Annotator "ChessBase"]
[PlyCount "80"]
[EventDate "2020.01.11"]
[EventType "tourn"]
[EventCountry "NED"]
[SourceTitle "playchess.com"]
[Source "ChessBase"]
[SourceQuality "1"]
[TimeControl "40/6000+30:20/3000+30:900+30"]

1. d4 {[%emt 0:00:00]} g6 {[%emt 0:00:00]} 2. Nf3 {[%emt 0:01:06]} Bg7 {[%emt 0:00:00]} 3. g3 {[%emt 0:00:57]} c5 {[%emt 0:00:17]} 4. c3 {[%emt 0:09:32]} cxd4 {[%emt 0:04:01]} 5. cxd4 {[%emt 0:00:15]} b6 {[%emt 0:00:19]} 6. Bg2 {[%emt 0:00:45]} Bb7 {[%emt 0:00:14]} 7. Nc3 {[%emt 0:01:10]} Nf6 {[%emt 0:00:15]} 8. O-O {[%emt 0:00:42]} O-O {[%emt 0:00:15]} 9. d5 {[%emt 0:09:32]} Na6 {[%emt 0:13:09]} 10. Nd4 {[%emt 0:03:22]} Nc7 {[%emt 0:18:49]} 11. d6 {[%emt 0:07:39]} Ncd5 {[%emt 0:00:08]} 12. Nxd5 {[%emt 0:01:29]} Bxd5 {[%emt 0:07:56]} 13. Bxd5 {[%emt 0:14:54]} Nxd5 {[%emt 0:00:08]} 14. Bg5 {[%emt 0:03:10]} h6 {[%emt 0:02:09]} 15. dxe7 {[%emt 0:01:00]} Nxe7 {[%emt 0:01:20]} 16. Bf4 {[%emt 0:00:15]} Nc6 {[%emt 0:03:16]} 17. Nb5 {[%emt 0:01:20]} Bxb2 {[%emt 0:05:58]} 18. Bxh6 {[%emt 0:04:05]} Re8 {[%emt 0:00:25]} 19. Rb1 {[%emt 0:07:14]} Be5 {[%emt 0:00:52]} 20. Qd2 {[%emt 0:03:11]} Qf6 {[%emt 0:04:35]} 21. Bg5 {[%emt 0:03:40]} Qf5 {[%emt 0:01:07]} 22. Be3 {[%emt 0:01:36]} Rac8 {[%emt 0:03:08]} 23. Rfd1 {[%emt 0:04:37]} a6 {[%emt 0:01:43]} 24. Nd6 {[%emt 0:03:10]} Bxd6 {[%emt 0:00:04]} 25. Qxd6 {[%emt 0:00:08]} Ne5 {[%emt 0:00:02]} 26. Bf4 {[%emt 0:01:46]} Ng4 {[%emt 0:02:51]} 27. Rb2 {[%emt 0:04:49]} g5 {[%emt 0:03:40]} 28. Qd5 {[%emt 0:03:22]} Re5 {[%emt 0:01:33]} 29. Qb7 {[%emt 0:01:50]} Rce8 {[%emt 0:01:13]} 30. f3 {[%emt 0:09:45]} Rxe2 {[%emt 0:10:21]} 31. Qxb6 {[%emt 0:02:23]} Nxh2 {[%emt 0:02:34]} 32. Rxe2 {[%emt 0:01:23]} Rxe2 {[%emt 0:00:06]} 33. Qxa6 {[%emt 0:01:51]} Nxf3+ {[%emt 0:00:23]} 34. Kf1 {[%emt 0:00:03]} Re8 {[%emt 0:02:26]} 35. Qd3 {[%emt 0:01:05]} Qh3+ {[%emt 0:00:52]} 36. Kf2 {[%emt 0:00:04]} g4 {[%emt 0:00:56]} 37. Be3 {[%emt 0:00:23]} Qh2+ {[%emt 0:00:05]} 38. Kf1 {[%emt 0:00:03]} Qxg3 {[%emt 0:00:05]} 39. Rc1 {[%emt 0:00:36]} Nh4 {[%emt 0:02:09]} 40. Rc3 {[%emt 0:00:00]} Qf3+ {[%emt 0:00:00]} 0-1